Engineering elixir applications : navigate each stage of software delivery with confidence

Main Author: Fairholm, Ellie
Other Authors: D'Lacoste, Josep Giralt
Subjects:
Online Access: http://library.unisel.edu.my/web/guest/mylibrary
LEADER 01006cam a2200241 7i4500
001 0000087555
005 20250918090000.0
020 |a 9798888650677 (electronic book)  
090 0 0 |a QA76.754   |b .F38 2024 
100 1 |a Fairholm, Ellie  
245 1 0 |a Engineering elixir applications :   |b navigate each stage of software delivery with confidence   |c Ellie Fairholm, Josep Giralt D'Lacoste. 
264 |a Dallas, Texas:   |b The Pragmatic Bookshelf,   |c 2024. 
300 |a 1 online resource (450 pages):   |b illustrations, text file, PDF. 
336 |a text  |2 rdacontent 
337 |a computer  |2 rdamedia 
338 |a online resource  |2 rdacarrier 
650 0 |a Computer software Development  
655 0 |a Electronic books 
700 1 |a D'Lacoste, Josep Giralt  
856 4 2 |u http://library.unisel.edu.my/web/guest/mylibrary 
997 |a Communication, Visual Art & Computing, Faculty  |b Computing, Department 
998 |a Computer Science (Software Engineering), Degree 
999 |a EBO0026344  |b EBOOK  |c EBOOK  |e Electronic resources